| 000 | 00828nam a2200253 a 4500 | ||
|---|---|---|---|
| 005 | 20250405063822.0 | ||
| 008 | 991125s1978 mx 000 0 spa u | ||
| 020 | _a9684321481 | ||
| 035 | _aUPN01000017871 | ||
| 049 | _aCG | ||
| 050 | 4 |
_aB1018 P6 _bB3.4 |
|
| 100 | 1 |
_aBarreda, Gabino, _d1818-1881 |
|
| 245 | 1 | 3 |
_aLa educación positivista en México / _cGabino Barreda ; selec., estudio introd. y preámbulo por Edmundo Escobar. |
| 260 |
_aMéxico : _bPorrúa, _c1978. |
||
| 300 | _a281 p. | ||
| 440 | 0 |
_aSepan cuantos ; _v335 |
|
| 590 | _aTambién localizas un ejemplar en el Área de Reserva | ||
| 590 | 0 | _a"Bibliografía Básica 2013" | |
| 650 | 4 |
_aEducación _xInvestigación _94070 |
|
| 650 | 4 |
_aFilosofía mexicana _912899 |
|
| 650 | 2 |
_aPositivismo _915309 |
|
| 700 | 1 |
_aEscobar, Edmundo, _ecomp. |
|
| 905 | _aLibro | ||
| 999 |
_c17871 _d17871 |
||